000 00466cam a2200169ua 4500
020 _c3.00
041 _amal
_h
082 _a954.83
_bKRI/KE
100 _aKrishna kurup, Thiruvangad .
245 _aKerala charithram Parasuramaniloode /
_cThiruvangad Krishna kurup.
_hTextual Documents
260 _aKottayam :
_bSahitya Pravarthaka Co-operative Society ,
_c1962.
300 _a ; .
365 _a3.00
504 _a
942 _cBK
999 _c5266
_d5266